| 000 | 00872nas a2200277 4500 | ||
|---|---|---|---|
| 001 | BR2011004266 | ||
| 003 | BR-BrBNA | ||
| 005 | 20231205115049.0 | ||
| 007 | ta | ||
| 008 | 230509b bl.|||p| |||| 00| 00por d | ||
| 040 |
_aBR-BrBNA _bpor _cBiblioteca Nacional de Agricultura |
||
| 041 | _a(Pt) | ||
| 072 | _aF02 | ||
| 100 | 1 | _aPaulus, D. | |
| 100 | 1 | _aValmorbida, R. | |
| 100 | 1 | _aToffoli, E. | |
| 100 | 1 | _aPaulus, E. | |
| 100 | 1 | _aGarlet, T.M.B. | |
| 245 | 1 | _aAvaliação de substratos orgânicos na produção de mudas de hortelã (Mentha gracillis R.Br. e Mentha x villosa Huds.) | |
| 650 | _aHORTELÃ | ||
| 650 | _aSUBSTRATO DE CULTURA | ||
| 650 | _aMUDA | ||
| 773 | 0 |
_tRevista Brasileira de Plantas Medicinais (Brazil) _xISSN 1516-0572 _g(Feb 2011), v. 13(1) p. 90-97 _wBR2011004266 |
|
| 909 |
_a202311 _bLúcia _c55 _dLúcia Elande |
||
| 942 |
_2AGRIS _n0 _cANA |
||
| 999 |
_c211907 _d211907 |
||